000 00816nas a2200277 4500
001 BR8502182
003 BR-BrBNA
005 20231205090200.0
007 ta
008 230509b bl.|||p| |||| 00| 00por d
040 _aBR-BrBNA
_bpor
_cBiblioteca Nacional de Agricultura
041 _a(Pt)
072 _aL01; L52
100 1 _aSantos, L.E. dos
100 1 _aRoda, D.S.
100 1 _aDupas, W.
100 1 _aSanchez, M.J.F.
100 1 _aGarcia, W.
245 1 _aEstudo do crescimento de cabritos das racas anglo-nubiana, moxoto e meio-sangue anglo-nubiano-moxoto
650 _aCABRITO
650 _aRACA
650 _aCRESCIMENTO
773 0 _tZootecnia (Brazil)
_xISSN 0044-5320
_g(Oct-Dec 1984), v. 22(4) p. 297-317
_wBR8502182
909 _a202311
_bLúcia
_c55
_dLúcia Elande
942 _2AGRIS
_n0
_cANA
999 _c116614
_d116614